[Event "Tinaquillo Cojedes op"]
[Site "Tinaquillo"]
[Date "2022.04.03"]
[Round "6"]
[White "Capote, Leonardo Jose"]
[Black "Mujica, Juan"]
[Result "1/2-1/2"]
[WhiteElo "1642"]
[BlackElo "1846"]
[PlyCount "30"]
[EventDate "2022.04.01"]
[EventType "swiss"]
[EventRounds "6"]
[EventCountry "VEN"]
[SourceTitle "EXT 2023"]
[Source "ChessBase"]
[SourceDate "2022.10.05"]
[SourceVersion "1"]
[SourceVersionDate "2022.10.05"]
[SourceQuality "1"]

1. d4 f5 2. c4 Nf6 3. g3 e6 4. Bg2 Be7 5. Nf3 d5 6. 0-0 0-0 7. b3 c6 8. Bb2 Nbd7 9. Nbd2 Qe8 10. Ne5 Bd6 11. Ndf3 Ne4 12. Nd2 Ndf6 13. h3 Bxe5 14. dxe5 Nd7 15. cxd5 exd5 1/2-1/2

[Event "Tinaquillo Cojedes op"]
[Site "Tinaquillo"]
[Date "2022.04.01"]
[Round "2"]
[White "Mujica, Juan"]
[Black "Loreto Salas, Angel Daniel"]
[Result "1-0"]
[WhiteElo "1846"]
[BlackElo "1333"]
[PlyCount "47"]
[EventDate "2022.04.01"]
[EventType "swiss"]
[EventRounds "6"]
[EventCountry "VEN"]
[SourceTitle "EXT 2023"]
[Source "ChessBase"]
[SourceDate "2022.10.05"]
[SourceVersion "1"]
[SourceVersionDate "2022.10.05"]
[SourceQuality "1"]

1. e4 e6 2. d4 d5 3. Nc3 Nf6 4. Bg5 Be7 5. Bxf6 Bxf6 6. Nf3 a6 7. e5 Be7 8. Ne2 c5 9. c3 Nc6 10. g3 b5 11. Bg2 c4 12. Nd2 a5 13. 0-0 b4 14. Nf4 0-0 15. Nxc4 bxc3 16. bxc3 Ba6 17. Ne3 Bxf1 18. Bxf1 Rb8 19. Bd3 h6 20. Qg4 Bg5 21. Nexd5 Bxf4 22. Nxf4 Qg5 23. Qf3 Rb2 24. Qxc6 1-0